A comprehensive Persian-English dictionary : (Record no. 136493)

MARC details
000 -LEADER
fixed length control field 00808nam a22001937a 4500
010 ## - LIBRARY OF CONGRESS CONTROL NUMBER
LC control number 708469
035 ## - SYSTEM CONTROL NUMBER
System control number 708469
037 ## - SOURCE OF ACQUISITION
Source of stock number/acquisition Cen Lib / Ret
040 ## - CATALOGING SOURCE
Original cataloging agency DPL
Language of cataloging EN
082 ## - DEWEY DECIMAL CLASSIFICATION NUMBER
Classification number 499.15538
Item number STE
100 ## - MAIN ENTRY--PERSONAL NAME
Personal name Steingass, F.
245 ## - TITLE STATEMENT
Title A comprehensive Persian-English dictionary :
Remainder of title including the Arabic words and phrases to be met with in Persian literature. Being Johnson and Richardson's Persian, Arabic, and English dictionary, revised, enlarged and entirely reconstructed /
Statement of responsibility, etc by F. Steingass
260 ## - PUBLICATION, DISTRIBUTION, ETC. (IMPRINT)
Place of publication, distribution, etc New Delhi
Name of publisher, distributor, etc Oriental Books Reprint Corporation
Date of publication, distribution, etc 1973
270 ## - ADDRESS
Address 54, Rani Jhansi Road
City New Delhi
Postal code 110055
300 ## - PHYSICAL DESCRIPTION
Extent 1539p ;
Other physical details 24cm(Hb)
650 ## - SUBJECT ADDED ENTRY--TOPICAL TERM
Topical term or geographic name as entry element Persian language -- Dictionaries -- English.
650 ## - SUBJECT ADDED ENTRY--TOPICAL TERM
Topical term or geographic name as entry element Persian language.
942 ## - ADDED ENTRY ELEMENTS (KOHA)
Source of classification or shelving scheme Dewey Decimal Classification
Koha item type English Books
Classification part 499.15538
Call number suffix STE
Holdings
Withdrawn status Lost status Damaged status Not for loan Collection code Home library Current library Date acquired Source of acquisition Total Checkouts Full call number Barcode Date last seen Price effective from Koha item type
      Not For Loan Reference Central Library Central Library 03/03/2016 Cen Lib/Ret   499.15538 STE 708469 03/03/2016 03/03/2016 English Books

© Delhi Public Library
Hit Counter
free hit counter